000 00650nam a2200217 a 4500
005 20140310183611.0
008 120829s19uu xx 00 eng d
020 _a9788184950533
050 _aHD 9696.8.U64
_b.Sc425 2010
100 _aScott, Virginia
245 _aHow Google changed the world /
_cVirginia Scott.
260 _aMumbai, India :
_bJaico Pub. House,
_c2010.
300 _ax, 153 p. :
_bill. ;
_c24 cm.
440 _aRevolutionary companies
500 _aIncludes index
521 _aIT
546 _aC15246
650 _aGoogle (Firm)
_xHistory
650 _aInternet industry
_xUnited States
_xHistory
942 _cBK
_2lcc
_kFOR
999 _c25250
_d25250